Shake Hands with the Ambassador (Record no. 541261)
[ view plain ]
| 000 -LEADER | |
|---|---|
| fixed length control field | 00310nam a22001097a 4500 |
| 082 ## - DEWEY DECIMAL CLASSIFICATION NUMBER | |
| Classification number | 334.7 JIN |
| 100 ## - MAIN ENTRY--PERSONAL NAME | |
| Personal name | Wang Jing Xu Yanjun |
| 245 ## - TITLE STATEMENT | |
| Title | Shake Hands with the Ambassador |
| Statement of responsibility, etc. | Wang Jing Xu Yanjun Wang Ke Tang Jun |
| 300 ## - PHYSICAL DESCRIPTION | |
| Extent | 137p |
| 942 ## - ADDED ENTRY ELEMENTS (KOHA) | |
| Source of classification or shelving scheme | |
| Koha item type | Book |
| Withdrawn status | Lost status | Source of classification or shelving scheme | Materials specified (bound volume or other part) | Damaged status | Not for loan | Permanent Location | Current Location | Shelving location | Date acquired | Source of acquisition | Full call number | Barcode | Date last seen | Price effective from | Koha item type |
|---|---|---|---|---|---|---|---|---|---|---|---|---|---|---|---|
| Donated by Rector NUST Islamabad | Central Library (CL) | Central Library (CL) | Chinese Studies | 02/11/2021 | Donation | 334.7 JIN | CL-D-1046 | 02/11/2021 | 02/11/2021 | Book |
